| 000 | 00640nam a22002057a 4500 | ||
|---|---|---|---|
| 005 | 20250227164827.0 | ||
| 008 | 241123b ||||| |||| 00| 0 eng d | ||
| 040 | _cAL | ||
| 041 | _aeng | ||
| 082 |
_223 _a378.14 _bSTAL |
||
| 100 |
_aSt Aloysius College _9202905 |
||
| 245 | _aSt Aloysius College (Autonomous) Mangaluru: Annual Report 2007-2010 | ||
| 260 |
_aMangalore _bSt Aloysius College _c2010 |
||
| 300 |
_a212p. _bPB _c24x18cm. |
||
| 650 |
_aHigher Education _9186095 |
||
| 650 |
_aSt Aloysius College (Autonomous) Mangalore _9202906 |
||
| 650 |
_aCollege Day _9186098 |
||
| 700 |
_aST ALOYSIUS COLLEGE _9186096 |
||
| 942 |
_2ddc _cDB |
||
| 999 |
_c231958 _d231958 |
||